| 000 | 00000nas##2200000za#4500 |
| 001 | 9.515747 |
| 003 | CaOODSP |
| 005 | 20210615083008 |
| 007 | ta |
| 008 | 150406c2010||||xxc|| p #||||f| |0eng|d |
| 040 | |aCaOODSP|beng |
| 043 | |an-cn--- |
| 086 | 1 |aTU1-2E |
| 110 | 2 |aTransportation Safety Board of Canada. |
| 245 | 10|aStatistical summary, railway occurrences |
| 246 | 3 |aTSB statistical summary, railway occurrences |
| 260 | |aOttawa - Ontario : |bTransportation Safety Board of Canada |
| 310 | |aAnnual |
| 362 | 1 |a[199-]-- |
| 520 | 3 |aProvides users of Canadian railway safety data with an annual summary of selected statistics on rail occurrences. It covers federally regulated railways only. |
| 690 | 07|aRailway accidents|2gcpds |
| 690 | 07|aTransportation safety|2gcpds |
| 775 | 08|tSommaire statistique des événements ferroviaires |w(CaOODSP)9.514069 |
| 776 | 0#|tStatistical summary, railway occurrences |w(CaOODSP)9.505778 |